Main-travalled roads / (Record no. 70693)

MARC details
000 -LEADER
campo de control de longitud fija 00605nam a2200181 i 4500
001 - NÚMERO DE CONTROL
campo de control 70693
003 - IDENTIFICADOR DE NÚMERO DE CONTROL
campo de control ES-MaACL
005 - FECHA Y HORA DE LA ÚLTIMA TRANSACCIÓN
campo de control 20230906170906.0
007 - CAMPO FIJO DE DESCRIPCIÓN FÍSICA--INFORMACIÓN GENERAL
campo de control de longitud fija t|
008 - DATOS DE LONGITUD FIJA--INFORMACIÓN GENERAL
campo de control de longitud fija 040802s1956 xxu ||||1| eng d
100 1# - ENTRADA PRINCIPAL--NOMBRE DE PERSONA
Nombre de persona Garland, Hamtin.
9 (RLIN) 55566
245 10 - MENCIÓN DEL TÍTULO
Título Main-travalled roads /
Mención de responsabilidad, etc. Hamtin Garland ; introduction by William Dean Howells and au afterwoed and bibliography by B. B. McElderry.
260 ## - PUBLICACIÓN, DISTRIBUCIÓN, ETC.
Lugar de publicación, distribución, etc. New York :
Nombre del editor, distribuidor, etc. Harper and Row,
Fecha de publicación, distribución, etc. [1956]
300 ## - DESCRIPCIÓN FÍSICA
Extensión XIII, 272 p. ;
Dimensiones 18 cm.
700 1# - ENTRADA AGREGADA--NOMBRE PERSONAL
Nombre de persona Howells, William Dean.
9 (RLIN) 64408
700 1# - ENTRADA AGREGADA--NOMBRE PERSONAL
Nombre de persona MacElderry, B. B.
9 (RLIN) 75141
852 ## - LOCALIZACIÓN
Ubicación ES-MaACL
Número de control de estantería C-37237
Sublocalización o colección R.66113
Holdings
Estatus retirado Estado de pérdida Estado de daño No para préstamo Biblioteca de origen Biblioteca actual Ubicación en estantería Fecha de adquisición Fuente de adquisición Total de préstamos Signatura topográfica completa Código de barras Visto por última vez Precio de reemplazo Tipo de ítem Koha
        Biblioteca del Ateneo de Madrid Biblioteca del Ateneo de Madrid Depósito 2 17/01/2008     C-37237 1074021 23/02/2023 23/02/2023 Libro impreso